00429nam a22001337a 4500008004100000020001800041050002200059100002200081245007000103260003000173300002900203500005100232600001200283220223b |||||||| |||| 00| 0 eng d a9780804125079 aR 858.5 .P75 2014 aPrinceton, Review aMCAT physics and math review : for MCAT 2015 /cPrinceton, Review aUS:bRandom House,c2014. ax,1069p. :bill. ;c38cm aincludes bibliographical references and index. 2Medical